|
|
|
|
| LEADER |
04416nam a2200817 4500 |
| 001 |
ocn746321018 |
| 003 |
OCoLC |
| 005 |
20170124071953.2 |
| 006 |
m o d |
| 007 |
cr cn||||||||| |
| 008 |
110811s2011 njua ob 001 0 eng d |
| 040 |
|
|
|a DG1
|b eng
|e pn
|c DG1
|d YDXCP
|d CDX
|d N$T
|d VPI
|d E7B
|d EBLCP
|d OCLCQ
|d DEBSZ
|d OCLCQ
|d UMI
|d COO
|d IDEBK
|d UKDOC
|d OCLCQ
|d OCLCF
|d OCLCQ
|d DEBBG
|d GrThAP
|
| 019 |
|
|
|a 755702390
|a 757394674
|a 808669793
|a 816864046
|a 840106091
|
| 020 |
|
|
|a 9780470929308
|q (electronic bk.)
|
| 020 |
|
|
|a 0470929308
|q (electronic bk.)
|
| 020 |
|
|
|a 9780470520994
|q (hbk.)
|
| 020 |
|
|
|a 047052099X
|q (hbk.)
|
| 020 |
|
|
|a 9780470929292
|q (electronic bk.)
|
| 020 |
|
|
|a 0470929294
|q (electronic bk.)
|
| 020 |
|
|
|a 9780470934654
|
| 020 |
|
|
|a 0470934654
|
| 024 |
8 |
|
|a 9786613272881
|
| 029 |
1 |
|
|a AU@
|b 000049641605
|
| 029 |
1 |
|
|a AU@
|b 000051432831
|
| 029 |
1 |
|
|a DEBBG
|b BV041121548
|
| 029 |
1 |
|
|a DEBSZ
|b 372815057
|
| 029 |
1 |
|
|a DEBSZ
|b 396764649
|
| 029 |
1 |
|
|a DEBSZ
|b 430989695
|
| 029 |
1 |
|
|a NZ1
|b 14166183
|
| 029 |
1 |
|
|a NZ1
|b 15341468
|
| 029 |
1 |
|
|a DEBBG
|b BV043393346
|
| 035 |
|
|
|a (OCoLC)746321018
|z (OCoLC)755702390
|z (OCoLC)757394674
|z (OCoLC)808669793
|z (OCoLC)816864046
|z (OCoLC)840106091
|
| 037 |
|
|
|a 10.1002/9780470929308
|b Wiley InterScience
|n http://www3.interscience.wiley.com
|
| 050 |
|
4 |
|a TK6561
|b .G74 2011
|
| 072 |
|
7 |
|a TEC
|x 061000
|2 bisacsh
|
| 072 |
|
7 |
|a TEC
|x 034000
|2 bisacsh
|
| 082 |
0 |
4 |
|a 621.384/131
|2 23
|
| 084 |
|
|
|a TEC024000
|2 bisacsh
|
| 049 |
|
|
|a MAIN
|
| 100 |
1 |
|
|a Grebennikov, Andrei,
|d 1956-
|
| 245 |
1 |
0 |
|a RF and microwave transmitter design /
|c Andrei Grebennikov.
|
| 264 |
|
1 |
|a Hoboken, N.J. :
|b Wiley,
|c [2011]
|
| 264 |
|
4 |
|c ©2011
|
| 300 |
|
|
|a 1 online resource (xvi, 816 pages) :
|b illustrations.
|
| 336 |
|
|
|a text
|b txt
|2 rdacontent
|
| 337 |
|
|
|a computer
|b c
|2 rdamedia
|
| 338 |
|
|
|a online resource
|b cr
|2 rdacarrier
|
| 490 |
1 |
|
|a Wiley series in microwave and optical engineering
|
| 505 |
0 |
|
|a Frontmatter -- Introduction -- Passive Elements and Circuit Theory -- Active Devices and Modeling -- Impedance Matching -- Power Transformers, Combiners, and Couplers -- Filters -- Modulation and Modulators -- Mixers and Multipliers -- Oscillators -- Phase-Locked Loops -- Power Amplifier Design Fundamentals -- High-Efficiency Power Amplifiers -- Linearization and Efficiency Enhancement Techniques -- Control Circuits -- Transmitter Architectures -- Index -- Wiley Series in Microwave and Optical Engineering.
|
| 520 |
|
|
|a "RF and Microwave Transmitter Design is unique in its coverage of both historical transmitter design and cutting edge technologies. This text explores the results of well-known and new theoretical analyses, while informing readers of modern radio transmitters' pracitcal designs and their components. Jam-packed with information, this book broadcasts and streamlines the author's considerable experience in RF and microwave design and development"--Provided by publisher.
|
| 520 |
|
|
|a "This book describes these new technologies (circuit design and software-oriented approaches) in all aspects of radio transmitter design including wireless telecommunication, satellite, radar, military and other specific applications"--Provided by publisher.
|
| 504 |
|
|
|a Includes bibliographical references and index.
|
| 588 |
0 |
|
|a Print version record.
|
| 650 |
|
0 |
|a Radio
|x Transmitters and transmission.
|
| 650 |
|
0 |
|a Microwave circuits.
|
| 650 |
|
0 |
|a Microwave transmission lines.
|
| 650 |
|
4 |
|a Radio
|x Transmitters and transmission.
|
| 650 |
|
4 |
|a Microwave circuits.
|
| 650 |
|
4 |
|a Microwave transmission lines.
|
| 650 |
|
7 |
|a TECHNOLOGY & ENGINEERING
|x Microwaves.
|2 bisacsh
|
| 650 |
|
7 |
|a Microwave circuits.
|2 fast
|0 (OCoLC)fst01020171
|
| 650 |
|
7 |
|a Microwave transmission lines.
|2 fast
|0 (OCoLC)fst01020254
|
| 650 |
|
7 |
|a Radio
|x Transmitters and transmission.
|2 fast
|0 (OCoLC)fst01087157
|
| 650 |
|
7 |
|a Radio / Transmitters and transmission.
|2 local
|
| 650 |
|
7 |
|a Microwave circuits.
|2 local
|
| 650 |
|
7 |
|a Microwave transmission lines.
|2 local
|
| 655 |
|
4 |
|a Electronic books.
|
| 776 |
0 |
8 |
|i Print version:
|a Grebennikov, Andrei, 1956-
|t RF and microwave transmitter design.
|d Hoboken, N.J. : Wiley, ©2011
|z 9780470520994
|w (DLC) 2011012202
|w (OCoLC)669751091
|
| 830 |
|
0 |
|a Wiley series in microwave and optical engineering.
|
| 856 |
4 |
0 |
|u https://doi.org/10.1002/9780470929308
|z Full Text via HEAL-Link
|
| 994 |
|
|
|a 92
|b DG1
|